00826cam a2200241 a 450000100060000000300080000600500170001400800410003103500190007204000370009104100130012808200280014110000420016924501090021126000460032030000260036650400200039265000270041265000250043965100480046465300570051270000150056932814BD-RjUL20211209051911.0140428s1963 p 001 0 eng d a(BD-RjUL)32904 aDLCcDLCdUKMdOCLdBD-RjULbeng1 aenghurd00a297.1977219bMAS 19631 aMaudoodi, Syed Abul ʿAlad1903-1979.14aA short history of the revialist movement in islam /cSayyid Abul Aʿla, MawdudiTranslated by Al-Ash'ari aLahore :bIslamicPublication Ltd.,c1963. avii, 156 p. ;c18 cm. aIncludes index. 0aReligious lifexIslam. 0aIslamy20th century. 4aIslamic countriesxPolitics and government. aIslamic revolutionary movements - Islamic viewpoints aAl-Ash'ari